00380nam a2200145Ia 4500003000400000005001700004008004100021040000700062041000800069082001900077100001900096245006100115260004500176365001300221OSt20230516104241.0210423s1990 xx 000 0 und d cAL aeng a370 223bKAUE aKAUR (Kuldip). aEducation in india:policies planning and implementation. aNew DelhibOxford University Pressc1990 b280cINR